[Event "Ano Liosia op 2001"]
[Site "Ano Liosia"]
[Date "2001.01.02"]
[Round "6"]
[White "Nikolaidis, Ioannis"]
[Black "Halkias, Stelios"]
[Result "1-0"]
[WhiteElo "2512"]
[BlackElo "2502"]
[PlyCount "71"]
[EventDate "2000.12.27"]
[EventType "swiss"]
[EventRounds "9"]
[EventCountry "GRE"]
[Source "Fruth,M"]
[SourceDate "2003.05.15"]

1. d4 Nf6 2. c4 c5 3. d5 b5 4. Nf3 g6 5. cxb5 a6 6. b6 Qxb6 7. Nc3 d6 8. e4 Bg7
9. Be2 O-O 10. O-O Nbd7 11. Re1 Bb7 12. Nd2 Qc7 13. Nc4 Nb6 14. Bg5 Rae8 15.
Qc2 e6 16. dxe6 fxe6 17. e5 Ng4 18. Bxg4 Nxc4 19. exd6 Qxd6 20. Bh3 Bd4 21. Bh4
Qc6 22. Ne2 Qd5 23. Bg3 g5 24. Nxd4 cxd4 25. b3 Na3 26. Qd2 h6 27. Re5 Qd7 28.
Rae1 Rf6 29. Rc5 Nb5 30. a4 Qe7 31. Rc4 Nd6 32. Rxd4 e5 33. Rxe5 Qxe5 34. Bxe5
Rxe5 35. f4 gxf4 36. Rxd6 1-0

[Event "Kiev Trudova Ukraina T"]
[Site "Kiev"]
[Date "2001.01.23"]
[Round "5"]
[White "Kruppa, Yuri"]
[Black "Malakhatko, Vadim"]
[Result "1/2-1/2"]
[WhiteElo "2572"]
[BlackElo "2513"]
[PlyCount "55"]
[EventDate "2001.01.19"]
[EventType "tourn"]
[EventRounds "10"]
[EventCountry "UKR"]
[EventCategory "11"]
[Source "Fruth,M"]
[SourceDate "2003.05.15"]

1. d4 Nf6 2. c4 c5 3. d5 b5 4. cxb5 a6 5. bxa6 g6 6. Nc3 Bxa6 7. g3 d6 8. Bg2
Bg7 9. Nf3 Nbd7 10. Rb1 O-O 11. O-O Qa5 12. Bd2 Rfb8 13. Qc2 Nb6 14. b3 Qa3 15.
Bc1 Qa5 16. Bd2 Qa3 17. Bc1 Qa5 18. Rd1 Ne8 19. Bd2 Qa3 20. Bc1 Qa5 21. Bb2 Nc7
22. e4 Bc8 23. h3 Bd7 24. Qc1 Qa6 25. Re1 Qc8 26. Kh2 Qf8 27. Ra1 Ra7 28. Nd1
1/2-1/2

[Event "Geneva op 17"]
[Site "Geneva"]
[Date "2001.01.23"]
[Round "4"]
[White "Korotylev, Alexey"]
[Black "Gurevich, Dmitry"]
[Result "1-0"]
[WhiteElo "2554"]
[BlackElo "2543"]
[PlyCount "81"]
[EventDate "2001.01.20"]
[EventType "swiss"]
[EventRounds "9"]
[EventCountry "SUI"]
[Source "Fruth,M"]
[SourceDate "2003.05.15"]

1. d4 Nf6 2. c4 c5 3. d5 b5 4. Nd2 Qa5 5. Qc2 bxc4 6. e4 Ba6 7. Bxc4 Bxc4 8.
Qxc4 d6 9. Ngf3 g6 10. O-O Bg7 11. Qc2 O-O 12. Nc4 Qc7 13. Bd2 Nbd7 14. Bc3
Rfe8 15. Rad1 Nb6 16. Nfd2 e6 17. e5 dxe5 18. Bxe5 Qd8 19. d6 Nfd5 20. Bxg7
Kxg7 21. Ne4 Nxc4 22. Qxc4 Rc8 23. Qa4 Nb6 24. Qxa7 Ra8 25. Qb7 Nd7 26. Qb5 Ra5
27. Qb3 Qa8 28. Qc3+ e5 29. Rfe1 Kg8 30. Qh3 Rd8 31. Ng5 Nf6 32. Rxe5 Rxa2 33.
Nxf7 Ra1 34. Nh6+ Kf8 35. Rde1 Rxe1+ 36. Rxe1 Rxd6 37. Ng4 Nxg4 38. Qxg4 Rd4
39. Qe6 Qd8 40. Qe5 Kg8 41. Qxc5 1-0

[Event "Goodricke op 12"]
[Site "Calcutta"]
[Date "2001.02.13"]
[Round "8"]
[White "Vladimirov, Evgeny"]
[Black "Mikhalevski, Victor"]
[Result "1-0"]
[WhiteElo "2612"]
[BlackElo "2500"]
[PlyCount "55"]
[EventDate "2001.02.06"]
[EventType "swiss"]
[EventRounds "11"]
[EventCountry "IND"]
[Source "Fruth,M"]
[SourceDate "2003.05.15"]

1. d4 Nf6 2. c4 c5 3. d5 b5 4. cxb5 a6 5. b6 e6 6. Nc3 Nxd5 7. Nxd5 exd5 8.
Qxd5 Nc6 9. Nf3 Rb8 10. Bd2 Be7 11. Bc3 O-O 12. e4 Rxb6 13. Bc4 Nb4 14. Qd2 Bb7
15. a3 d5 16. exd5 Nxd5 17. Be5 Rg6 18. O-O-O Nb6 19. Bxf7+ Kxf7 20. Qf4+ Ke6
21. Bf6 gxf6 22. Rhe1+ Kf7 23. Ne5+ Kg7 24. Nxg6 hxg6 25. Rxd8 Bxd8 26. Rd1 Bd5
27. Qd6 Bb3 28. Qxf8+ 1-0

[Event "Metz op 19"]
[Site "Metz"]
[Date "2001.04.10"]
[Round "4"]
[White "Gallagher, Joseph G"]
[Black "Degraeve, Jean Marc"]
[Result "1/2-1/2"]
[WhiteElo "2515"]
[BlackElo "2585"]
[PlyCount "78"]
[EventDate "2001.04.07"]
[EventType "swiss"]
[EventRounds "9"]
[EventCountry "FRA"]
[Source "Fruth,M"]
[SourceDate "2003.05.15"]

1. d4 Nf6 2. c4 c5 3. d5 b5 4. cxb5 a6 5. b6 e6 6. Nc3 Nxd5 7. Nxd5 exd5 8.
Qxd5 Nc6 9. Nf3 Rb8 10. Bd2 Rxb6 11. Bc3 Nb4 12. Qd2 Bb7 13. a3 Rd6 14. Qe3+
Re6 15. Qd2 Nd5 16. Ba5 Qa8 17. Ng5 Rg6 18. e4 Be7 19. h4 h6 20. Nxf7 O-O 21.
exd5 Rxf7 22. O-O-O Rg4 23. Qe2 Rxh4 24. Rxh4 Bxh4 25. g3 Bf6 26. Qc4 Bd4 27.
f4 d6 28. Bc3 Bxc3 29. Qxc3 Re7 30. Bh3 Bc8 31. Bxc8 Qxc8 32. Re1 Rxe1+ 33.
Qxe1 Qf5 34. Qe8+ Kh7 35. Qc6 Qd3 36. Qxd6 Qf1+ 37. Kc2 Qe2+ 38. Kc3 Qe3+ 39.
Kc2 Qe2+ 1/2-1/2

[Event "Dubai op"]
[Site "Dubai"]
[Date "2001.04.25"]
[Round "9"]
[White "Anastasian, Ashot"]
[Black "Annageldiev, Orazly"]
[Result "0-1"]
[WhiteElo "2574"]
[BlackElo "2503"]
[PlyCount "59"]
[EventDate "2001.04.15"]
[EventType "swiss"]
[EventRounds "9"]
[EventCountry "UAE"]
[Source "Fruth,M"]
[SourceDate "2003.05.15"]

1. d4 Nf6 2. c4 c5 3. d5 b5 4. cxb5 a6 5. bxa6 e6 6. Nc3 Nxd5 7. Nxd5 exd5 8.
Qxd5 Nc6 9. e4 Be7 10. Bc4 O-O 11. Ne2 Bxa6 12. Bxa6 Qa5+ 13. Qd2 Qxa6 14. O-O
Bf6 15. Nc3 Be5 16. Re1 Nb4 17. Rd1 Qc4 18. a3 Qb3 19. Nd5 Nc2 20. Rb1 Rfb8 21.
Qe2 Nxa3 22. Ra1 Nc2 23. Rxa8 Rxa8 24. Be3 Nxe3 25. Nxe3 Bxb2 26. Rxd7 Bd4 27.
g3 g6 28. Qf3 Qe6 29. Rc7 Ra3 30. Qg4 0-1

[Event "BUL-ch 65"]
[Site "Tsarevo"]
[Date "2001.05.14"]
[Round "4"]
[White "Chatalbashev, Boris"]
[Black "Delchev, Aleksander"]
[Result "1/2-1/2"]
[WhiteElo "2518"]
[BlackElo "2584"]
[PlyCount "25"]
[EventDate "2001.05.11"]
[EventType "swiss"]
[EventRounds "9"]
[EventCountry "BUL"]
[Source "Fruth,M"]
[SourceDate "2003.05.15"]

1. d4 Nf6 2. c4 c5 3. d5 b5 4. Nf3 Bb7 5. a4 Qa5+ 6. Bd2 b4 7. Qc2 d6 8. e4
Nbd7 9. Bd3 g6 10. O-O Bg7 11. Bf4 O-O 12. Nbd2 Qc7 13. h3 1/2-1/2

[Event "EU-ch 2"]
[Site "Ohrid"]
[Date "2001.06.05"]
[Round "5"]
[White "Tkachiev, Vladislav"]
[Black "Conquest, Stuart"]
[Result "1-0"]
[WhiteElo "2672"]
[BlackElo "2563"]
[PlyCount "75"]
[EventDate "2001.06.01"]
[EventRounds "13"]
[EventCountry "FRM"]
[Source "Fruth,M"]
[SourceDate "2003.05.15"]

1. d4 Nf6 2. c4 c5 3. d5 b5 4. Nf3 Bb7 5. Qc2 bxc4 6. e4 e6 7. Bxc4 exd5 8.
exd5 Be7 9. Nc3 d6 10. O-O Nbd7 11. a4 Nb6 12. Bb5+ Kf8 13. Bc6 Bxc6 14. dxc6
Qc8 15. b4 Qxc6 16. b5 Qb7 17. Rd1 h5 18. a5 Nc8 19. Bg5 h4 20. Bxh4 Rh5 21.
Bg3 Kg8 22. Rab1 Bf8 23. Bh4 Ng4 24. Bg3 Nf6 25. h3 d5 26. Be5 Be7 27. Na4 Ne4
28. a6 Qd7 29. Qxe4 dxe4 30. Rxd7 exf3 31. Bg3 c4 32. Bf4 Kf8 33. Be3 Ke8 34.
Rc7 Rh4 35. Nc3 Bd8 36. Rb7 Bb6 37. Bxb6 Nxb6 38. Re1+ 1-0

[Event "EU-ch 2"]
[Site "Ohrid"]
[Date "2001.06.07"]
[Round "7"]
[White "Lautier, Joel"]
[Black "Malakhatko, Vadim"]
[Result "0-1"]
[WhiteElo "2658"]
[BlackElo "2524"]
[PlyCount "114"]
[EventDate "2001.06.01"]
[EventRounds "13"]
[EventCountry "FRM"]
[Source "Fruth,M"]
[SourceDate "2003.05.15"]

1. d4 Nf6 2. c4 c5 3. d5 b5 4. Nf3 g6 5. cxb5 a6 6. b6 Qxb6 7. Nc3 d6 8. e4
Nbd7 9. Be2 Bg7 10. Nd2 Qc7 11. O-O O-O 12. a4 Rb8 13. a5 Ne8 14. Nc4 Ne5 15.
Ne3 Qb7 16. f4 Nd7 17. Bc4 Nc7 18. Qd3 Nb5 19. Bd2 Nd4 20. b3 Qa7 21. Na4 Bb7
22. Kh1 e6 23. Bc3 Rbe8 24. b4 Nf6 25. bxc5 exd5 26. Nxd5 Nxd5 27. exd5 dxc5
28. Rae1 Bc8 29. Nb6 Bf5 30. Qd2 Be4 31. d6 Qb7 32. d7 Rd8 33. Rxe4 Qxe4 34.
Bxa6 Nb3 35. Qb2 Bxc3 36. Qxc3 Qb4 37. Qxb4 cxb4 38. Rb1 Nxa5 39. Rxb4 Rb8 40.
Kg1 Nc6 41. Rb5 Rfd8 42. Nd5 Kg7 43. Rc5 Rb1+ 44. Bf1 Nb8 45. Ne3 Rxd7 46. Kf2
Rd2+ 47. Kf3 Rb3 48. h4 f5 49. Rc8 Nd7 50. Rc7 Kh6 51. Bc4 Rc3 52. Rc6 Kg7 53.
Rc7 h5 54. Ra7 Kh6 55. Ra6 Nc5 56. Rb6 Ne4 57. Be2 Ra3 0-1

[Event "EU-ch 2"]
[Site "Ohrid"]
[Date "2001.06.12"]
[Round "11"]
[White "Ionov, Sergey"]
[Black "Mikhalevski, Victor"]
[Result "1-0"]
[WhiteElo "2505"]
[BlackElo "2523"]
[PlyCount "151"]
[EventDate "2001.06.01"]
[EventRounds "13"]
[EventCountry "FRM"]
[Source "Fruth,M"]
[SourceDate "2003.05.15"]

1. d4 Nf6 2. c4 c5 3. d5 b5 4. cxb5 a6 5. bxa6 g6 6. Nc3 Bxa6 7. g3 d6 8. Bg2
Bg7 9. Nh3 Nbd7 10. O-O O-O 11. Bd2 Qc7 12. Qc2 Rfb8 13. Rab1 Rb6 14. b3 Qb8
15. Ng5 Ra7 16. Rfc1 Rc7 17. Nf3 Ne8 18. Na4 Rbb7 19. Bc3 Bh6 20. Re1 Rc8 21.
Bh3 Rd8 22. e4 Nc7 23. Ba5 Qa7 24. e5 Bd3 25. Qxd3 Qxa5 26. exd6 exd6 27. Bxd7
Rxd7 28. Re2 Rb8 29. Nc3 Bg7 30. Nd1 Qb5 31. Qxb5 Nxb5 32. Rc1 Ra7 33. Kg2 Bf6
34. h4 h5 35. Ng5 Ra3 36. Ne4 Bd4 37. Ndc3 Nxc3 38. Nxc3 Kf8 39. Ne4 Rb6 40.
Rcc2 Rba6 41. Ng5 Bf6 42. Ne4 Bd4 43. f3 Kg7 44. g4 hxg4 45. fxg4 Kh6 46. g5+
Kg7 47. Kf3 Ba1 48. Kg4 Bd4 49. h5 gxh5+ 50. Kxh5 Ba1 51. Ng3 Be5 52. Nf5+ Kh7
53. Ne3 Ra7 54. Nc4 R3a6 55. Kg4 Kg6 56. Rf2 Bd4 57. Rh2 Bg7 58. Rce2 Ra8 59.
a4 Rb8 60. Rh3 Rb7 61. Re8 Rb4 62. Rg8 f5+ 63. gxf6 Kxf6 64. Rf3+ Kg6 65. Re8
Be5 66. Re6+ Kg7 67. Kf5 Rxc4 68. bxc4 Rxa4 69. Re7+ Kf8 70. Ke6+ Kg8 71. Rb3
Ra8 72. Rbb7 Rd8 73. Rbd7 Rf8 74. Rxd6 Bc3 75. Kd7 Rf4 76. Rc6 1-0

[Event "EU-ch 2 playoff g15'"]
[Site "Ohrid"]
[Date "2001.06.15"]
[Round "3.2"]
[White "Georgiev, Kiril"]
[Black "Tregubov, Pavel V"]
[Result "1-0"]
[WhiteElo "2676"]
[BlackElo "2628"]
[PlyCount "85"]
[EventDate "2001.06.15"]
[EventType "k.o. (rapid)"]
[EventRounds "3"]
[EventCountry "FRM"]
[Source "Fruth,M"]
[SourceDate "2003.05.15"]

1. d4 Nf6 2. c4 c5 3. d5 b5 4. Nf3 Bb7 5. a4 Qa5+ 6. Bd2 b4 7. Qc2 d6 8. e4
Nbd7 9. Bd3 g6 10. O-O Bg7 11. Bf4 O-O 12. Nbd2 Nh5 13. Bg5 Rae8 14. Rae1 e5
15. g3 Bc8 16. Nh4 Ndf6 17. f3 Kh8 18. Rf2 Ng8 19. Be3 Ne7 20. f4 exf4 21. gxf4
f5 22. e5 b3 23. Qd1 dxe5 24. fxe5 Bxe5 25. Nxb3 Qd8 26. Nf3 Bf6 27. Nxc5 f4
28. Bc1 Nf5 29. Rxe8 Rxe8 30. Re2 Ne3 31. Bxe3 fxe3 32. Ne4 Bg4 33. Qf1 Rf8 34.
Rxe3 Bd4 35. Nxd4 Rxf1+ 36. Bxf1 Qb6 37. c5 Qxb2 38. Nb3 Nf4 39. d6 Qc2 40. Nf6
Be6 41. d7 Bxd7 42. Re7 g5 43. Rxd7 1-0

[Event "Biel MTO op"]
[Site "Biel"]
[Date "2001.08.02"]
[Round "10"]
[White "Mikhalevski, Victor"]
[Black "Gershon, Alik"]
[Result "1/2-1/2"]
[WhiteElo "2501"]
[BlackElo "2553"]
[PlyCount "65"]
[EventDate "2001.07.23"]
[EventType "swiss"]
[EventRounds "11"]
[EventCountry "SUI"]
[Source "Fruth,M"]
[SourceDate "2003.05.15"]

1. d4 Nf6 2. c4 c5 3. d5 b5 4. cxb5 a6 5. b6 e6 6. Nc3 Nxd5 7. Nxd5 exd5 8.
Qxd5 Nc6 9. Nf3 Be7 10. Ne5 O-O 11. Nxc6 dxc6 12. Qxd8 Bxd8 13. e3 a5 14. Bd2
a4 15. Rc1 Bxb6 16. Bc4 Ba6 17. Bxa6 Rxa6 18. Rc2 f6 19. Ke2 Rb8 20. Rd1 Kf7
21. e4 Bc7 22. Bc1 Be5 23. Rd7+ Kg8 24. f4 Bd4 25. Be3 Rab6 26. Bxd4 cxd4 27.
Rxd4 Rxb2 28. Rdc4 R8b4 29. Kd3 f5 30. Rxb4 Rxb4 31. exf5 Rxf4 32. Rxc6 Rxf5
33. Rc4 1/2-1/2

[Event "UKR-ch"]
[Site "Ordzhonikidze"]
[Date "2001.09.15"]
[Round "8"]
[White "Ovsejevitsch, Sergei"]
[Black "Malakhatko, Vadim"]
[Result "1-0"]
[WhiteElo "2529"]
[BlackElo "2557"]
[PlyCount "86"]
[EventDate "2001.09.08"]
[EventType "swiss"]
[EventRounds "9"]
[EventCountry "UKR"]
[Source "Fruth,M"]
[SourceDate "2003.05.15"]

1. d4 Nf6 2. c4 c5 3. d5 b5 4. Nf3 g6 5. cxb5 a6 6. e3 Bg7 7. Nc3 O-O 8. a4 d6
9. Be2 axb5 10. Bxb5 Ba6 11. O-O Bxb5 12. Nxb5 Na6 13. Re1 Nc7 14. Nc3 Ra6 15.
e4 Qa8 16. Qc2 Rb8 17. b3 Nd7 18. Rb1 Rab6 19. Bg5 Ne5 20. Nxe5 Bxe5 21. Bxe7
f6 22. Ne2 g5 23. Ng3 Ne8 24. Nf5 Kf7 25. h4 R8b7 26. a5 Ra6 27. Qe2 Rxe7 28.
Qh5+ Kf8 29. Nxe7 Kxe7 30. Qxh7+ Kd8 31. h5 Ra7 32. Qg6 Rg7 33. Qf5 Qc8 34. b4
Qxf5 35. exf5 Nc7 36. bxc5 dxc5 37. Rb7 Kc8 38. a6 Rg8 39. h6 Rh8 40. h7 Rxh7
41. Rxe5 fxe5 42. d6 c4 43. Rxc7+ Rxc7 1-0

[Event "AUT-ch TT 200102"]
[Site "AUT"]
[Date "2002.03.09"]
[Round "10.4"]
[White "Pinter, Jozsef"]
[Black "Hertneck, Gerald"]
[Result "1-0"]
[WhiteElo "2532"]
[BlackElo "2570"]
[PlyCount "57"]
[EventDate "2001.10.31"]
[EventType "team"]
[EventRounds "11"]
[EventCountry "AUT"]
[Source "Fruth,M"]
[SourceDate "2003.05.15"]

1. d4 Nf6 2. c4 c5 3. d5 b5 4. cxb5 a6 5. bxa6 g6 6. Nc3 Bxa6 7. Nf3 d6 8. e4
Bxf1 9. Kxf1 Qc8 10. h3 Bg7 11. Kg1 Nbd7 12. Kh2 O-O 13. Re1 Qa6 14. Kg1 Nb6
15. Qc2 Nfd7 16. Bg5 f6 17. Bf4 Nc4 18. b3 Na3 19. Qd2 Rfb8 20. Be3 Rb4 21.
Rac1 Nb6 22. h4 h5 23. Bh6 Qc8 24. Bxg7 Kxg7 25. Ne2 Qg4 26. Nf4 Kh7 27. Ne6
Ra7 28. Rc3 Nb5 29. Rce3 1-0

[Event "HIT op"]
[Site "Nova Gorica"]
[Date "2002.02.02"]
[Round "3"]
[White "Farago, Ivan"]
[Black "Sermek, Drazen"]
[Result "1/2-1/2"]
[WhiteElo "2500"]
[BlackElo "2595"]
[PlyCount "62"]
[EventDate "2002.01.28"]
[EventType "swiss"]
[EventRounds "8"]
[EventCountry "SLO"]
[Source "Fruth,M"]
[SourceDate "2003.05.15"]

1. d4 Nf6 2. c4 c5 3. d5 b5 4. cxb5 a6 5. e3 axb5 6. Bxb5 Qa5+ 7. Nc3 Bb7 8.
Nge2 Bxd5 9. O-O Bc6 10. Qd3 e6 11. e4 Be7 12. a4 O-O 13. Bg5 h6 14. Bh4 Bxb5
15. Nxb5 Nc6 16. Nec3 Ne5 17. Qe2 Ng6 18. Bg3 d5 19. exd5 exd5 20. Qf3 d4 21.
Nd5 Nxd5 22. Qxd5 Rfd8 23. Qc4 Rd7 24. f4 Qd2 25. b3 h5 26. Rad1 Qe3+ 27. Bf2
Qe4 28. g3 h4 29. Rfe1 Qf5 30. Qd3 Qd5 31. Qe4 Qxe4 1/2-1/2

[Event "FRA-ch TT"]
[Site "FRA"]
[Date "2002.03.31"]
[Round "6.3"]
[White "Piket, Jeroen"]
[Black "Banikas, Hristos"]
[Result "1/2-1/2"]
[WhiteElo "2659"]
[BlackElo "2518"]
[PlyCount "98"]
[EventDate "2002.02.??"]
[EventType "team"]
[EventRounds "11"]
[EventCountry "FRA"]
[Source "Fruth,M"]
[SourceDate "2003.05.15"]

1. d4 Nf6 2. c4 c5 3. d5 b5 4. cxb5 a6 5. bxa6 g6 6. Nc3 Bxa6 7. Nf3 d6 8. g3
Nbd7 9. Bg2 Nb6 10. a4 Bg7 11. a5 Nc4 12. Nd2 O-O 13. Nxc4 Bxc4 14. Ra4 Ba6 15.
Bd2 Qc7 16. O-O Rfb8 17. Qc2 Rb4 18. Rc1 Rab8 19. Nd1 Rxa4 20. Qxa4 Bb5 21. Qc2
Bxe2 22. b4 Nd7 23. Nc3 Bg4 24. Na4 Ne5 25. bxc5 dxc5 26. Nb6 c4 27. Bf4 Qc5
28. Nxc4 Bf5 29. Qd2 Qxc4 30. Bxe5 Qxc1+ 31. Qxc1 Bxe5 32. d6 exd6 33. a6 Bd4
34. Bb7 Re8 35. h4 Bc5 36. Qa1 Ba7 37. Bd5 h5 38. Qb2 Bc8 39. Qc2 Be6 40. Qc6
Rc8 41. Qxd6 Bb8 42. Qe7 Bxd5 43. Kh2 Bf3 44. a7 Bxa7 45. Qxa7 Rc1 46. Qb8+ Kh7
47. g4 hxg4 48. Kg3 Rc5 49. Qf4 Rf5 1/2-1/2

[Event "FRA-ch TT"]
[Site "FRA"]
[Date "2002.05.02"]
[Round "9.3"]
[White "Bacrot, Etienne"]
[Black "Banikas, Hristos"]
[Result "1-0"]
[WhiteElo "2649"]
[BlackElo "2518"]
[PlyCount "61"]
[EventDate "2002.02.??"]
[EventType "team"]
[EventRounds "11"]
[EventCountry "FRA"]
[Source "Fruth,M"]
[SourceDate "2003.05.15"]

1. d4 Nf6 2. c4 c5 3. d5 b5 4. cxb5 a6 5. bxa6 g6 6. Nc3 Bxa6 7. Nf3 d6 8. g3
Nbd7 9. Bg2 Nb6 10. b3 Bg7 11. Rb1 Bb7 12. Nh4 Ra5 13. O-O Qa8 14. e4 O-O 15.
a4 Nfd7 16. Bd2 Rc8 17. Bh3 Ra6 18. Nb5 c4 19. a5 c3 20. Bxc3 Rxa5 21. Bxa5
Qxa5 22. Nd4 Qb4 23. Nhf3 Rc3 24. Re1 Nc5 25. Bf1 Nxe4 26. Rxe4 Rxf3 27. Rxe7
Bxd4 28. Qxf3 Bxd5 29. Qf4 Qc3 30. Rc1 Qb2 31. Re2 1-0

[Event "FRA-ch TT"]
[Site "FRA"]
[Date "2002.05.04"]
[Round "11.3"]
[White "Van Wely, Loek"]
[Black "Banikas, Hristos"]
[Result "1-0"]
[WhiteElo "2697"]
[BlackElo "2518"]
[PlyCount "107"]
[EventDate "2002.02.??"]
[EventType "team"]
[EventRounds "11"]
[EventCountry "FRA"]
[Source "Fruth,M"]
[SourceDate "2003.05.15"]

1. d4 Nf6 2. c4 c5 3. d5 b5 4. cxb5 a6 5. bxa6 g6 6. Nc3 Bxa6 7. Nf3 d6 8. g3
Nbd7 9. Bg2 Nb6 10. b3 Bg7 11. Rb1 Bb7 12. Nh4 Ra6 13. O-O O-O 14. Bb2 Qa8 15.
e4 Nfd7 16. Re1 Rc8 17. Bh3 c4 18. b4 Rd8 19. Nf3 Ne5 20. Nxe5 Bxe5 21. Qc2 Bc8
22. Bxc8 Rxc8 23. Ra1 Bg7 24. a4 Nd7 25. Red1 Qb7 26. b5 Ra5 27. Ne2 Bxb2 28.
Qxb2 Rca8 29. Nc3 Qa7 30. Qb4 Rc8 31. Kg2 Ne5 32. Qb2 Qc5 33. Qa3 Qb6 34. Qc1
Nd3 35. Qe3 Qxe3 36. fxe3 Nc5 37. Rdb1 Nb3 38. Ra3 Kf8 39. Kf2 Ke8 40. Ke2 Kd7
41. Kd1 Kc7 42. Kc2 Kb6 43. Rbxb3 cxb3+ 44. Kxb3 Ra7 45. Kb4 Rac7 46. a5+ Kb7
47. a6+ Ka7 48. Na4 Rc4+ 49. Ka5 Rxe4 50. b6+ Kb8 51. Kb5 Re5 52. b7 Rc1 53.
Nc3 Ka7 54. Kb4 1-0

[Event "Moscow-ch fin"]
[Site "Moscow"]
[Date "2002.??.??"]
[Round "3"]
[White "Korotylev, Alexey"]
[Black "Vasiukov, Evgeni"]
[Result "1-0"]
[WhiteElo "2554"]
[BlackElo "2530"]
[PlyCount "63"]
[EventDate "2002.04.??"]
[EventType "k.o."]
[EventRounds "5"]
[EventCountry "RUS"]
[Source "Fruth,M"]
[SourceDate "2003.05.15"]

1. d4 Nf6 2. c4 c5 3. d5 b5 4. Nd2 bxc4 5. e4 c3 6. bxc3 g6 7. c4 d6 8. Ngf3
Bg7 9. Rb1 Qa5 10. a3 Ba6 11. Bd3 Nbd7 12. O-O O-O 13. Bb2 Nb6 14. Qc2 Qa4 15.
Qc1 Rab8 16. Re1 Rb7 17. e5 Ne8 18. h4 dxe5 19. Bc2 Qd7 20. Nxe5 Bxe5 21. Bxe5
f6 22. Bg3 Nd6 23. Ne4 Nxe4 24. Bxe4 Nc8 25. Rxb7 Bxb7 26. Qe3 Nd6 27. Bd3 f5
28. Be5 Ba6 29. Qh6 Rf7 30. h5 g5 31. Qxg5+ Kf8 32. Qh6+ 1-0

[Event "Korinthos 25' match"]
[Site "Korinthos"]
[Date "2002.05.13"]
[Round "1"]
[White "Gurevich, Mikhail"]
[Black "Banikas, Hristos"]
[Result "1/2-1/2"]
[WhiteElo "2641"]
[BlackElo "2523"]
[PlyCount "70"]
[EventDate "2002.05.14"]
[EventType "match (rapid)"]
[EventRounds "6"]
[EventCountry "GRE"]
[Source "Fruth,M"]
[SourceDate "2003.05.15"]

1. d4 Nf6 2. c4 c5 3. d5 b5 4. cxb5 a6 5. bxa6 g6 6. Nc3 Bxa6 7. e4 Bxf1 8.
Kxf1 d6 9. g3 Bg7 10. Kg2 O-O 11. Nf3 Nbd7 12. Re1 Ng4 13. Nd2 Nge5 14. Qe2 Nb6
15. f4 Ned7 16. Nf3 Na4 17. Nd1 Qb6 18. Rb1 Qa6 19. Bd2 Rfb8 20. b3 c4 21. Nf2
Nac5 22. bxc4 Qxa2 23. Rxb8+ Rxb8 24. e5 Nb6 25. Be3 Qxe2 26. Rxe2 Nxc4 27.
Bxc5 dxc5 28. Ne4 Rd8 29. Nc3 f6 30. g4 Nb6 31. Rd2 fxe5 32. fxe5 Nc4 33. Re2
Nb6 34. Rb2 Nc4 35. Re2 Nb6 1/2-1/2

[Event "EU-ch 3"]
[Site "Batumi"]
[Date "2002.06.17"]
[Round "6"]
[White "Malakhatko, Vadim"]
[Black "Baklan, Vladimir"]
[Result "1/2-1/2"]
[WhiteElo "2517"]
[BlackElo "2618"]
[PlyCount "28"]
[EventDate "2002.06.12"]
[EventType "swiss"]
[EventRounds "13"]
[EventCountry "GEO"]
[Source "Fruth,M"]
[SourceDate "2003.05.15"]

1. d4 Nf6 2. c4 c5 3. d5 b5 4. cxb5 a6 5. bxa6 g6 6. Nc3 Bxa6 7. Nf3 d6 8. e4
Bxf1 9. Kxf1 Nbd7 10. g3 Bg7 11. Kg2 O-O 12. Re1 Ng4 13. Qe2 Nge5 14. Nd2 Nb6
1/2-1/2

[Event "NOR-ch"]
[Site "Roros"]
[Date "2002.07.12"]
[Round "8"]
[White "Johannessen, Leif Erlend"]
[Black "Djurhuus, Rune"]
[Result "0-1"]
[WhiteElo "2527"]
[BlackElo "2507"]
[PlyCount "110"]
[EventDate "2002.07.06"]
[EventType "swiss"]
[EventRounds "9"]
[EventCountry "NOR"]
[Source "Fruth,M"]
[SourceDate "2003.05.15"]

1. d4 Nf6 2. c4 c5 3. d5 b5 4. cxb5 a6 5. bxa6 g6 6. Nc3 Bxa6 7. g3 d6 8. Bg2
Bg7 9. Nf3 Nbd7 10. Rb1 Nb6 11. b3 O-O 12. O-O Ra7 13. Qd2 Qa8 14. Rd1 Rb8 15.
Bb2 Bb7 16. e4 Ne8 17. Qc2 Nc7 18. h4 Bc8 19. h5 Bg4 20. hxg6 hxg6 21. Qd2 Nd7
22. Re1 Bxf3 23. Bxf3 c4 24. bxc4 Rab7 25. Qc2 Qa5 26. Rec1 Nc5 27. Be2 Nxe4
28. Nb5 Nd2 29. Bxg7 Nxb1 30. Ba1 Qd2 31. Qxb1 Qxe2 32. a4 Ne8 33. Qb4 Ra8 34.
Bb2 Qf3 35. Bd4 Nf6 36. Ra1 Kg7 37. Qa3 Qxa3 38. Rxa3 g5 39. a5 Ra6 40. Bb6 Nd7
41. Bd4+ Kg6 42. Re3 Nf6 43. Bb6 Ng4 44. Re4 Kf5 45. Re2 Ne5 46. c5 dxc5 47. d6
e6 48. Nc3 Raxb6 49. axb6 Rxb6 50. g4+ Nxg4 51. Rd2 Rb8 52. Na4 Ne5 53. Kg2 Nd7
54. Rc2 Rc8 55. Rb2 Rc6 0-1

[Event "Nice Summer op 9"]
[Site "Nice"]
[Date "2002.08.07"]
[Round "3.1"]
[White "Epishin, Vladimir"]
[Black "Cherniaev, Alexander"]
[Result "1/2-1/2"]
[WhiteElo "2643"]
[BlackElo "2509"]
[PlyCount "68"]
[EventDate "2002.08.02"]
[EventType "swiss"]
[EventRounds "7"]
[EventCountry "FRA"]
[Source "Fruth,M"]
[SourceDate "2003.05.15"]

1. d4 Nf6 2. c4 c5 3. d5 b5 4. cxb5 a6 5. bxa6 g6 6. Nc3 Bxa6 7. g3 d6 8. Bg2
Bg7 9. Nf3 O-O 10. Rb1 Nbd7 11. b3 Qa5 12. Bd2 Rfb8 13. O-O Ng4 14. Qc2 Nge5
15. Nxe5 Nxe5 16. a4 Qc7 17. Rfc1 Rb7 18. Bf1 Rab8 19. h3 Qc8 20. Nb5 Bxb5 21.
axb5 Rxb5 22. f4 Nd7 23. e4 Bd4+ 24. Kg2 Rb4 25. Be2 Qd8 26. Bxb4 Rxb4 27. Bf3
Nb6 28. h4 h5 29. Qd2 Kg7 30. Qe1 Qd7 31. Rc2 Qb7 32. Rcc1 Qd7 33. Rc2 Qb7 34.
Rcc1 Qd7 1/2-1/2

[Event "GER-GRE preolm match"]
[Site "Fuerth"]
[Date "2002.09.04"]
[Round "5"]
[White "Graf, Alexander"]
[Black "Halkias, Stelios"]
[Result "1/2-1/2"]
[WhiteElo "2624"]
[BlackElo "2550"]
[PlyCount "71"]
[EventDate "2002.08.31"]
[EventType "schev"]
[EventRounds "6"]
[EventCountry "GER"]
[Source "Fruth,M"]
[SourceDate "2003.05.15"]

1. d4 Nf6 2. c4 c5 3. d5 b5 4. cxb5 a6 5. e3 Bb7 6. Nc3 Qa5 7. Bd2 axb5 8. Bxb5
Qb6 9. Qf3 Na6 10. Nge2 Nb4 11. O-O Nbxd5 12. e4 Nc7 13. a4 e6 14. Bg5 Be7 15.
Rad1 Nxb5 16. axb5 Rd8 17. Rfe1 h6 18. Bf4 d6 19. Ng3 h5 20. Nf1 d5 21. Ne3
Nxe4 22. Nxe4 dxe4 23. Qg3 Rxd1 24. Rxd1 O-O 25. Be5 f6 26. Rd7 Rf7 27. Bxf6
Bxf6 28. Qb8+ Rf8 29. Qxb7 Qa5 30. Rd1 Qa4 31. b6 Bg5 32. Re1 Bxe3 33. fxe3 Qc2
34. Rf1 Rxf1+ 35. Kxf1 Qd1+ 36. Kf2 1/2-1/2

[Event "EU-ch rapid"]
[Site "Panormo"]
[Date "2002.09.30"]
[Round "5"]
[White "Volkov, Sergey"]
[Black "Banikas, Hristos"]
[Result "1/2-1/2"]
[WhiteElo "2609"]
[BlackElo "2523"]
[PlyCount "113"]
[EventDate "2002.09.30"]
[EventType "swiss (rapid)"]
[EventRounds "11"]
[EventCountry "GRE"]
[Source "Fruth,M"]
[SourceDate "2003.05.15"]

1. d4 Nf6 2. c4 c5 3. d5 b5 4. cxb5 a6 5. bxa6 g6 6. Nc3 Bxa6 7. e4 Bxf1 8.
Kxf1 d6 9. Nf3 Bg7 10. h3 Nbd7 11. Kg1 O-O 12. Kh2 Qa5 13. Re1 Rfb8 14. Qc2 Ne8
15. Bd2 Nc7 16. a4 Qb6 17. Ra2 Qb3 18. Rc1 Qxc2 19. Rxc2 Rb4 20. a5 Ne5 21.
Nxe5 Bxe5+ 22. Kg1 f5 23. exf5 gxf5 24. Na4 Nxd5 25. Nb6 Nxb6 26. Bxb4 cxb4 27.
Rc7 Nd5 28. Rb7 Ra6 29. Rb5 e6 30. Rb7 Bf6 31. Kf1 Be7 32. Ke2 Kf7 33. Kd3 Kf6
34. Kc4 Rc6+ 35. Kb3 Ra6 36. Ka4 Bd8 37. Kb5 Ra8 38. Ra1 b3 39. Ra3 Ke5 40. Ra4
h5 41. h4 f4 42. g3 Kf5 43. gxf4 Bxh4 44. a6 Bxf2 45. Kc6 h4 46. Rxb3 Be3 47.
Rb7 Ra7 48. Ra3 Kxf4 49. Kxd6 Kf5 50. b4 Rxb7 51. axb7 Bf4+ 52. Kc5 Kg4 53. Ra8
h3 54. Rg8+ Kf3 55. b8=Q Bxb8 56. Rxb8 h2 57. Rh8 1/2-1/2